| 000 | 00890nam a2200253 i 4500 | ||
|---|---|---|---|
| 001 | 66822 | ||
| 003 | ES-MaACL | ||
| 005 | 20230906165842.0 | ||
| 007 | t| | ||
| 008 | 040405s2002 sp ||||1| spa d | ||
| 020 | _a84-95394-44-8 | ||
| 080 | _a615.838(460.288) | ||
| 100 | 1 |
_aAlmendros Toledo, José Manuel. _920143 |
|
| 245 | 1 | 3 |
_aEl balneario de La concepción de Villatoya : _bhidrologías médicas del siglo XIX / _cJosé Manuel Almendros Toledo. |
| 260 |
_aAlbacete : _bInstituto de Estudios Albacetenses "Don Juan Manuel", _c2002. |
||
| 300 |
_a268 p. ; _c24 cm. |
||
| 490 | 1 |
_aSerie I. Estudios ; _v141 |
|
| 610 | 2 | 4 |
_aBalneario de La Concepción (Albacete) _9172345 |
| 650 | 0 | 0 |
_aHidrología- _zEspaña. _913340 |
| 710 | 2 |
_aInstituto de Estudios Albacetenses. _94884 |
|
| 830 | 1 |
_aSerie I. Estudios ; _v141 _9179228 |
|
| 852 |
_aES-MaACL _jL-27284 |
||
| 999 |
_c66822 _d66822 |
||